01016nam a22002297a 4500999001700000003000900017008004100026040007100067082001800138100002200156245004300178260007300221300006600294505017400360650003000534650003200564650002400596700003100620942001600651945002100667952009800688 c18108d18108AR-CdUCM190511b ||||| |||| 00| 0 spa d aMUNICIPALIDAD PROVINCIAL DEL CUSCOcBIBLIOTECA MUNICIPAL DEL CUSCO a377.29 /bW57 aWilber, Gordon O. aArtes industriales en la educación / aMéxico D.F :bRepresentaciones y Servicios de Ingeniería,c1970. a447 páginas ;bFotografías, cuadros informativos,c23 cm. aContenido: Propósitos de la educación general -- Relaciones entre artes industriales y educación general -- Lugar de las artes industriales en nuestras escuelas... aArtes industriales938502 aEducación técnica95178 aMetodología92264 aPendered, Norman C.938503 2ddccLIBROS adavvd2019-05-11 002ddc4070aSHbSHcCARTd2019-05-11g30.00o377.29 / W57pSH0000013119r2019-05-11yLIBROS